[Event "Tarragona-ch Seniors"]
[Site "Cambrils"]
[Date "2020.02.27"]
[Round "6.6"]
[White "Guasch Murtra, Josep Maria"]
[Black "Ortega Lopez, Manuel"]
[Result "1-0"]
[WhiteElo "1849"]
[BlackElo "1737"]
[PlyCount "77"]
[EventDate "2020.01.23"]
[EventType "swiss"]
[EventRounds "8"]
[EventCountry "ESP"]
[SourceTitle "EXT 2024"]
[Source "ChessBase"]
[SourceDate "2023.10.10"]
[SourceVersion "1"]
[SourceVersionDate "2023.10.10"]
[SourceQuality "1"]

1. Nf3 Nf6 2. d4 e6 3. g3 d5 4. Bg2 Be7 5. c4 dxc4 6. 0-0 0-0 7. Ne5 Nbd7 8. Nxc4 c6 9. Nc3 h6 10. e4 b5 11. e5 Nd5 12. Ne3 b4 13. Ne4 Ba6 14. Re1 Rc8 15. Ng4 h5 16. Nh6+ Kh7 17. Qxh5 g6 18. Qd1 Kg7 19. Ng4 Rh8 20. Bd2 Qg8 21. Ng5 Bd3 22. Ne4 Ba6 23. Bg5 Rh7 24. Bxe7 Nxe7 25. Nef6 Qd8 26. Nxh7 Kxh7 27. Qd2 Nf5 28. Qxb4 c5 29. dxc5 Nxc5 30. Red1 Nd3 31. Qa3 Bb5 32. Bf1 Qg5 33. Nf6+ Kg7 34. Bxd3 Nd4 35. f4 Qh6 36. Bxb5 Rc2 37. h4 Nf5 38. Qf8+ Kxf8 39. Rd8+ 1-0

[Event "Tarragona-ch Seniors"]
[Site "Cambrils"]
[Date "2020.02.20"]
[Round "5.6"]
[White "Guasch Murtra, Josep Maria"]
[Black "Alasa Maduell, Josep M"]
[Result "1/2-1/2"]
[WhiteElo "1849"]
[BlackElo "1653"]
[PlyCount "68"]
[EventDate "2020.01.23"]
[EventType "swiss"]
[EventRounds "8"]
[EventCountry "ESP"]
[SourceTitle "EXT 2024"]
[Source "ChessBase"]
[SourceDate "2023.10.10"]
[SourceVersion "1"]
[SourceVersionDate "2023.10.10"]
[SourceQuality "1"]

1. d4 Nf6 2. c4 e5 3. dxe5 Ng4 4. Bf4 g5 5. Bg3 Bg7 6. h4 Nxe5 7. Nc3 g4 8. e3 h5 9. Qc2 Nbc6 10. 0-0-0 d6 11. c5 0-0 12. cxd6 cxd6 13. Nb5 d5 14. f4 a6 15. Nc3 Nb4 16. Qb3 Nec6 17. a3 Qa5 18. axb4 Nxb4 19. Qa3 Qb6 20. Bf2 g3 21. Be1 Qxe3+ 22. Bd2 Qc5 23. Nge2 d4 24. Be3 dxe3 25. Nxg3 Bg4 26. Nge4 Qb6 27. Rd6 Nc6 28. Nd5 Qa5 29. Nef6+ Kh8 30. Qxa5 Nxa5 31. Nxg4 Rac8+ 32. Kb1 hxg4 33. Nxe3 Rfe8 34. Nc2 Re4 1/2-1/2

[Event "Tarragona-ch Seniors"]
[Site "Cambrils"]
[Date "2020.02.13"]
[Round "4.3"]
[White "Sanchez Bernardino, Miguel Angel"]
[Black "Guasch Murtra, Josep Maria"]
[Result "1-0"]
[WhiteElo "1907"]
[BlackElo "1849"]
[PlyCount "123"]
[EventDate "2020.01.23"]
[EventType "swiss"]
[EventRounds "8"]
[EventCountry "ESP"]
[SourceTitle "EXT 2024"]
[Source "ChessBase"]
[SourceDate "2023.10.10"]
[SourceVersion "1"]
[SourceVersionDate "2023.10.10"]
[SourceQuality "1"]

1. e4 e5 2. Nf3 Nc6 3. Bb5 a6 4. Ba4 Nf6 5. 0-0 Nxe4 6. d4 b5 7. Bb3 d5 8. dxe5 Be6 9. c3 Bc5 10. Qd3 0-0 11. a4 Qd7 12. Be3 Bxe3 13. Qxe3 Na5 14. Bc2 Nc4 15. Qc1 f5 16. exf6 Nxf6 17. Nd4 c5 18. Nxe6 Qxe6 19. axb5 axb5 20. Rxa8 Rxa8 21. Re1 Qf7 22. Nd2 Nxd2 23. Qxd2 Re8 24. Re3 Rxe3 25. Qxe3 Qe8 26. Qxe8+ Nxe8 27. Kf1 Kf7 28. Ke2 h6 29. Bd3 Nc7 30. Ke3 Ke6 31. h4 Ke5 32. f4+ Kd6 33. g4 c4 34. Bf5 Na6 35. Kd4 Nc5 36. Bc2 Ne6+ 37. Ke3 Nc5 38. Kf3 d4 39. cxd4 Na4 40. b3 cxb3 41. Bxb3 Nc3 42. Ke3 Nd5+ 43. Ke4 Nc3+ 44. Kd3 b4 45. f5 Ke7 46. Kc4 Ne4 47. Bd1 h5 48. g5 Nd6+ 49. Kxb4 Nxf5 50. Kc5 g6 51. d5 Nxh4 52. d6+ Kd8 53. Kd5 Ng2 54. Ke5 h4 55. Bg4 Ne3 56. Be6 Nc2 57. Kf6 Nd4 58. Bg4 Nc6 59. Kxg6 Ne5+ 60. Kh5 Nf7 61. d7 Ne5 62. g6 1-0

[Event "Tarragona Province-ch"]
[Site "Tarragona"]
[Date "2018.10.28"]
[Round "5"]
[White "Guasch Murtra, Josep Maria"]
[Black "Sanchez Mayor, Jose"]
[Result "0-1"]
[WhiteElo "1913"]
[BlackElo "1825"]
[PlyCount "72"]
[EventDate "2018.09.30"]
[EventType "swiss"]
[EventRounds "9"]
[EventCountry "ESP"]
[SourceTitle "CBM 187 Extra"]
[Source "ChessBase"]
[SourceDate "2018.11.04"]
[SourceVersion "1"]
[SourceVersionDate "2018.11.04"]
[SourceQuality "1"]

1. e4 c5 2. Nf3 d6 3. d4 cxd4 4. Nxd4 Nf6 5. Nc3 a6 6. Bc4 e6 7. Bb3 Be7 8. 0-0 Qc7 9. Kh1 Bd7 10. Be3 b5 11. a3 Nc6 12. f4 Na5 13. e5 dxe5 14. fxe5 Qxe5 15. Qf3 0-0 16. Rad1 Rac8 17. Bf4 Qc5 18. Ne4 Nxe4 19. Qxe4 Bf6 20. Bxe6 Bxe6 21. Nxe6 Qe7 22. Bd6 Qxe6 23. Qxe6 fxe6 24. Bxf8 Kxf8 25. Rd6 Rc6 26. Rxc6 Nxc6 27. b3 Nd4 28. g4 Ke7 29. Rf2 e5 30. Rd2 Bg5 31. Rd3 Nxc2 32. Rc3 Nd4 33. Kg2 Kd6 34. Kf1 e4 35. b4 e3 36. h4 e2+ 0-1

[Event "Tarragona Province-chA"]
[Site "L'Hospitalet Infant"]
[Date "2016.11.20"]
[Round "8"]
[White "Guasch Murtra, Josep Maria"]
[Black "Bru Rullo, Llatzer"]
[Result "0-1"]
[WhiteElo "1938"]
[BlackElo "2256"]
[PlyCount "96"]
[EventDate "2016.10.02"]
[EventType "swiss"]
[EventRounds "9"]
[EventCountry "ESP"]
[SourceTitle "EXT 2018"]
[Source "ChessBase"]
[SourceDate "2017.10.13"]
[SourceVersion "1"]
[SourceVersionDate "2017.10.13"]
[SourceQuality "1"]

1. d4 e6 2. e4 d5 3. Nc3 Bb4 4. e5 c5 5. Bd2 cxd4 6. Nb5 Bc5 7. Nf3 Nc6 8. b4 Nxb4 9. Nbxd4 Ne7 10. c3 Nbc6 11. Bd3 Nf5 12. Nxf5 exf5 13. 0-0 0-0 14. Qc2 g6 15. Rad1 Be6 16. Rb1 b6 17. Qa4 Rc8 18. Bb5 Bd7 19. Bg5 Be7 20. Bh6 Re8 21. Rfd1 Qc7 22. Rxd5 a6 23. Bxa6 Ra8 24. Qb5 Nb8 25. Qxb6 Qxb6 26. Rxb6 Be6 27. Bb5 Rc8 28. Rd1 Rxa2 29. Bf1 Bc5 30. Rb5 Bxf2+ 31. Kh1 Nd7 32. Nd4 Bxd4 33. cxd4 Nf8 34. d5 Bd7 35. Rb7 Ba4 36. Re1 Re8 37. e6 fxe6 38. dxe6 Rc2 39. Rg7+ Kh8 40. e7 Nd7 41. Rf7 Kg8 42. Rg7+ Kh8 43. Rf7 Rcc8 44. Bg7+ Kg8 45. Rf8+ Kxg7 46. Rxe8 Rxe8 47. Ra1 Bb3 48. Rb1 Be6 0-1

[Event "Tarragona Province-chA"]
[Site "L'Hospitalet Infant"]
[Date "2016.11.13"]
[Round "7"]
[White "Samarra Carazo, Ernesto"]
[Black "Guasch Murtra, Josep Maria"]
[Result "0-1"]
[WhiteElo "1906"]
[BlackElo "1938"]
[PlyCount "66"]
[EventDate "2016.10.02"]
[EventType "swiss"]
[EventRounds "9"]
[EventCountry "ESP"]
[SourceTitle "EXT 2018"]
[Source "ChessBase"]
[SourceDate "2017.10.13"]
[SourceVersion "1"]
[SourceVersionDate "2017.10.13"]
[SourceQuality "1"]

1. d4 Nf6 2. c4 c5 3. e3 g6 4. Nc3 Bg7 5. Nf3 0-0 6. Bd3 cxd4 7. exd4 d5 8. 0-0 Nc6 9. h3 Nb4 10. Bf4 Nxd3 11. Qxd3 Bf5 12. Qe2 dxc4 13. Qxc4 Be6 14. Qe2 Rc8 15. Rfe1 Re8 16. Rac1 Nd5 17. Bg5 Nxc3 18. bxc3 Qd5 19. a3 h6 20. c4 Rxc4 21. Rxc4 Qxc4 22. Qxc4 Bxc4 23. Rxe7 Rxe7 24. Bxe7 f6 25. Bd6 Kf7 26. Nd2 Bd5 27. a4 Ke6 28. Bb8 a6 29. f3 f5 30. Ba7 Bc6 31. Nb3 Kd5 32. a5 Ba4 33. Nc5 Bxd4+ 0-1

[Event "Tarragona Province-chA"]
[Site "L'Hospitalet Infant"]
[Date "2016.10.30"]
[Round "5"]
[White "Regue Farran, Enric"]
[Black "Guasch Murtra, Josep Maria"]
[Result "0-1"]
[WhiteElo "2000"]
[BlackElo "1938"]
[PlyCount "90"]
[EventDate "2016.10.02"]
[EventType "swiss"]
[EventRounds "9"]
[EventCountry "ESP"]
[SourceTitle "EXT 2018"]
[Source "ChessBase"]
[SourceDate "2017.10.13"]
[SourceVersion "1"]
[SourceVersionDate "2017.10.13"]
[SourceQuality "1"]

1. e4 e5 2. Nf3 Nc6 3. Bb5 a6 4. Ba4 Nf6 5. d3 b5 6. Bb3 Be7 7. 0-0 0-0 8. c3 d6 9. h3 Bb7 10. Re1 Na5 11. Bc2 c5 12. Nbd2 Re8 13. Nf1 Qc7 14. Ng3 h6 15. Be3 d5 16. exd5 Nxd5 17. Bd2 Nc6 18. Nf5 Bf8 19. Bb3 Rad8 20. N3h4 Nf6 21. Re3 Ne7 22. Rg3 Nxf5 23. Nxf5 Kh8 24. Qe2 e4 25. d4 c4 26. Bc2 Qd7 27. Nh4 Bd6 28. Re3 g5 29. Bxe4 Bxe4 30. f3 Bd3 31. Qf2 Rxe3 32. Bxe3 Rg8 33. g4 Nd5 34. Ng2 Re8 35. Re1 Nxe3 36. Rxe3 Rxe3 37. Qxe3 Qe7 38. Kf2 Qxe3+ 39. Nxe3 Kg7 40. Nd5 f6 41. Ne3 Kf7 42. Ng2 Bf4 43. h4 Bc1 44. b3 Bd2 45. bxc4 Bxc4 0-1

[Event "Amposta Calbet Memorial"]
[Site "Amposta"]
[Date "2016.05.28"]
[Round "7"]
[White "Guasch Murtra, Josep Maria"]
[Black "Bru Rullo, Llatzer"]
[Result "0-1"]
[WhiteElo "1990"]
[BlackElo "2199"]
[PlyCount "94"]
[EventDate "2016.04.16"]
[EventType "swiss"]
[EventRounds "8"]
[EventCountry "ESP"]
[SourceTitle "CBM 172 Extra"]
[Source "ChessBase"]
[SourceDate "2016.06.21"]
[SourceVersion "1"]
[SourceVersionDate "2016.06.21"]
[SourceQuality "1"]

1. d4 e6 2. c4 b6 3. Nf3 Bb7 4. Nc3 Nf6 5. e3 Bb4 6. Bd3 Bxc3+ 7. bxc3 d6 8. 0-0 Nbd7 9. Qc2 Bxf3 10. gxf3 e5 11. Ba3 0-0 12. Kh1 Re8 13. Rg1 Nf8 14. c5 Ng6 15. Bb5 Rf8 16. cxd6 cxd6 17. dxe5 Nxe5 18. f4 Ng6 19. Rad1 Qe7 20. Bc6 Rad8 21. Rd2 Qc7 22. Bf3 Rfe8 23. Rgd1 Nh4 24. Bd5 Qc8 25. f5 Nxf5 26. Qb3 Nxd5 27. Qxd5 Nh4 28. Rd4 Ng6 29. c4 Re6 30. Qg2 Qc7 31. h4 h5 32. Qg3 Ne5 33. f4 Qc6+ 34. Qg2 Qxg2+ 35. Kxg2 Ng4 36. Rxd6 Rdxd6 37. Rxd6 Rxd6 38. Bxd6 Nxe3+ 39. Kf3 Nxc4 40. Bb8 a6 41. Ke4 f6 42. Bc7 Kf7 43. Kd4 b5 44. a4 Ke6 45. axb5 axb5 46. Kc5 f5 47. Kxb5 Ne3 0-1

[Event "Amposta Calbet Memorial"]
[Site "Amposta"]
[Date "2016.05.21"]
[Round "6"]
[White "Fernandez Soriano, Ruben"]
[Black "Guasch Murtra, Josep Maria"]
[Result "1/2-1/2"]
[WhiteElo "2178"]
[BlackElo "1990"]
[PlyCount "100"]
[EventDate "2016.04.16"]
[EventType "swiss"]
[EventRounds "8"]
[EventCountry "ESP"]
[SourceTitle "CBM 172 Extra"]
[Source "ChessBase"]
[SourceDate "2016.06.21"]
[SourceVersion "1"]
[SourceVersionDate "2016.06.21"]
[SourceQuality "1"]

1. d4 d5 2. Nf3 Nf6 3. c4 e6 4. Qc2 c6 5. Nc3 Nbd7 6. Bg5 Qa5 7. Bd2 Bb4 8. Rc1 0-0 9. a3 Bxc3 10. Bxc3 Qc7 11. e3 Ne4 12. Bd3 f5 13. Nd2 Ndf6 14. f3 Nxd2 15. Qxd2 Bd7 16. 0-0 Rae8 17. b4 Nh5 18. Rf2 Qd8 19. Re1 Qg5 20. f4 Qd8 21. b5 dxc4 22. Bxc4 cxb5 23. Bd3 Nf6 24. Bb4 Rf7 25. Rc1 Bc6 26. Qe1 Ne4 27. Rfc2 Qd5 28. Qf1 a6 29. a4 bxa4 30. Bc4 Qd7 31. Bxa6 Ra8 32. Bc4 Rf6 33. Be2 Rg6 34. Bf3 h6 35. Ba3 Qd5 36. Rb1 Ra5 37. Kh1 Kh7 38. Qe1 Rb5 39. Bb4 a3 40. Bxa3 Rxb1 41. Qxb1 Qa5 42. Qb4 Qa6 43. Be2 Qa4 44. Qxa4 Bxa4 45. Rc7 Bc6 46. Kg1 Nc3 47. Bf1 Nd5 48. Rc8 Nxe3 49. g3 Nxf1 50. Kxf1 Rf6 1/2-1/2

[Event "Tarragona Province-ch"]
[Site "Tarragona"]
[Date "2015.11.08"]
[Round "6"]
[White "Pamies Martinez, Lluis"]
[Black "Guasch Murtra, Josep Maria"]
[Result "1/2-1/2"]
[WhiteElo "2071"]
[BlackElo "2156"]
[PlyCount "29"]
[EventDate "2015.09.27"]
[EventType "swiss"]
[EventRounds "9"]
[EventCountry "ESP"]
[SourceTitle "EXT 2017"]
[Source "ChessBase"]
[SourceDate "2016.10.25"]
[SourceVersion "1"]
[SourceVersionDate "2016.10.25"]
[SourceQuality "1"]

1. c4 b6 2. e4 Bb7 3. Nc3 e5 4. Nf3 Nc6 5. d3 Nf6 6. Be2 Bb4 7. 0-0 Bxc3 8. bxc3 d6 9. Ne1 Qe7 10. Nc2 Qe6 11. Ne3 Ne7 12. Nd5 Nfxd5 13. cxd5 Qd7 14. c4 0-0 15. f4 1/2-1/2

[Event "La Pobla de Lillet op 25th A"]
[Site "La Pobla de Lillet"]
[Date "2015.08.07"]
[Round "7.6"]
[White "Guasch Murtra, Josep Maria"]
[Black "Capellades Subirana, Marc"]
[Result "0-1"]
[WhiteElo "1955"]
[BlackElo "2199"]
[PlyCount "66"]
[EventDate "2015.08.01"]
[EventType "swiss"]
[EventRounds "9"]
[EventCountry "ESP"]
[SourceTitle "EXT 2024"]
[Source "ChessBase"]
[SourceDate "2023.10.10"]
[SourceVersion "1"]
[SourceVersionDate "2023.10.10"]
[SourceQuality "1"]

1. d4 Nf6 2. c4 e6 3. Nc3 Bb4 4. e3 d5 5. Nf3 0-0 6. Bd3 dxc4 7. Bxc4 c5 8. 0-0 cxd4 9. exd4 b6 10. Qe2 Bb7 11. Rd1 Bxc3 12. bxc3 Nd5 13. Bg5 Qc7 14. Rac1 h6 15. Be3 Nd7 16. Bb3 Rac8 17. c4 Nf4 18. Qd2 Nh3+ 19. Kf1 Bxf3 20. gxf3 Qxh2 21. Ke2 Nf6 22. Rh1 Qg2 23. Rcf1 e5 24. dxe5 Rcd8 25. Qc1 Nh5 26. Rxh3 Qxh3 27. Bxh6 Qf5 28. Rg1 Qxe5+ 29. Kf1 Rd6 30. Rg5 Qh2 31. Rg2 Qh1+ 32. Rg1 Qh3+ 33. Rg2 Rxh6 0-1

[Event "Tarragona-ch Seniors"]
[Site "Cambrils"]
[Date "2015.03.05"]
[Round "6.1"]
[White "Regue Farran, Enric"]
[Black "Guasch Murtra, Josep Maria"]
[Result "1-0"]
[WhiteElo "2189"]
[BlackElo "2110"]
[PlyCount "45"]
[EventDate "2015.01.29"]
[EventType "swiss"]
[EventRounds "8"]
[EventCountry "ESP"]
[SourceTitle "EXT 2024"]
[Source "ChessBase"]
[SourceDate "2023.10.10"]
[SourceVersion "1"]
[SourceVersionDate "2023.10.10"]
[SourceQuality "1"]

1. e4 c5 2. Nf3 d6 3. d4 cxd4 4. Nxd4 Nf6 5. Nc3 a6 6. Bg5 e6 7. f4 Qb6 8. Qd2 Qxb2 9. Nb3 Qa3 10. Bxf6 gxf6 11. Bd3 Nc6 12. 0-0 h5 13. f5 Bh6 14. Qe1 Ne5 15. fxe6 fxe6 16. Rxf6 Ng4 17. Rf3 Bd7 18. Qh4 Bg7 19. Raf1 Bxc3 20. Qxh5+ Kd8 21. Qxg4 Kc7 22. Rf7 Rag8 23. Qxe6 1-0

[Event "Tarragona-ch Seniors"]
[Site "Cambrils"]
[Date "2015.02.19"]
[Round "4.4"]
[White "Guasch Murtra, Josep Maria"]
[Black "Ferrer Dalmau, Josep Antonio"]
[Result "1-0"]
[WhiteElo "2110"]
[BlackElo "1890"]
[PlyCount "79"]
[EventDate "2015.01.29"]
[EventType "swiss"]
[EventRounds "8"]
[EventCountry "ESP"]
[SourceTitle "EXT 2024"]
[Source "ChessBase"]
[SourceDate "2023.10.10"]
[SourceVersion "1"]
[SourceVersionDate "2023.10.10"]
[SourceQuality "1"]

1. d4 Nf6 2. c4 c5 3. d5 e6 4. Nc3 exd5 5. cxd5 d6 6. e4 g6 7. Bf4 a6 8. Nf3 Bg7 9. Be2 0-0 10. a4 Re8 11. Nd2 Qc7 12. 0-0 Nbd7 13. Nc4 Bf8 14. Qc2 Ne5 15. Nxe5 dxe5 16. Bg5 Nd7 17. Rad1 f6 18. Be3 Bd6 19. Nb1 Nf8 20. Na3 f5 21. Nc4 f4 22. Nxd6 Rd8 23. Bxc5 Rxd6 24. Rc1 Rf6 25. Bxf8 Qxc2 26. Rxc2 Kxf8 27. Rfc1 Bd7 28. Rc7 Bxa4 29. Rxh7 Kg8 30. Rxb7 Rd6 31. Rcc7 Bb5 32. Bg4 Rad8 33. h4 Be8 34. Rg7+ Kf8 35. Rh7 Kg8 36. Be6+ Rxe6 37. dxe6 Rd1+ 38. Kh2 Rd2 39. Rbg7+ Kf8 40. e7# 1-0

[Event "La Pobla de Lillet op 24th"]
[Site "La Pobla de Lillet"]
[Date "2014.08.08"]
[Round "7"]
[White "Guasch Murtra, Josep Maria"]
[Black "Gabarro Sole, Ramon"]
[Result "0-1"]
[WhiteElo "1992"]
[BlackElo "2071"]
[PlyCount "64"]
[EventDate "2014.08.02"]
[EventType "swiss"]
[EventRounds "9"]
[EventCountry "ESP"]
[SourceTitle "EXT 2017"]
[Source "ChessBase"]
[SourceDate "2016.10.25"]
[SourceVersion "1"]
[SourceVersionDate "2016.10.25"]
[SourceQuality "1"]

1. e4 g6 2. d4 Bg7 3. c3 d6 4. Nf3 Nf6 5. Bd3 0-0 6. h3 e5 7. Be3 d5 8. Nxe5 Nxe4 9. Nd2 f5 10. Qb3 Nc5 11. dxc5 Bxe5 12. Bg5 Bf6 13. Bxf6 Rxf6 14. 0-0-0 Na6 15. Bxa6 bxa6 16. Nf3 c6 17. Rhe1 Bd7 18. Ne5 Be8 19. Qb7 a5 20. Nc4 Rf7 21. Qa6 Qg5+ 22. Ne3 f4 23. Ng4 f3+ 24. Kb1 fxg2 25. Qe2 Bd7 26. Ne5 Re7 27. f4 Bf5+ 28. Ka1 Qxf4 29. Nxg6 Rxe2 30. Nxf4 Rf2 31. Re2 Rxf4 32. Rxg2+ Bg6 0-1

[Event "La Pobla de Lillet op 24th"]
[Site "La Pobla de Lillet"]
[Date "2014.08.04"]
[Round "3"]
[White "Guasch Murtra, Josep Maria"]
[Black "Cervello Tost, Ferran"]
[Result "0-1"]
[WhiteElo "1992"]
[BlackElo "2141"]
[PlyCount "88"]
[EventDate "2014.08.02"]
[EventType "swiss"]
[EventRounds "9"]
[EventCountry "ESP"]
[SourceTitle "EXT 2017"]
[Source "ChessBase"]
[SourceDate "2016.10.25"]
[SourceVersion "1"]
[SourceVersionDate "2016.10.25"]
[SourceQuality "1"]

1. d4 Nf6 2. Nf3 e6 3. g3 c5 4. c3 Be7 5. Bg2 0-0 6. 0-0 d5 7. Nbd2 b6 8. Ne5 Bb7 9. Nb3 Nbd7 10. Nxd7 Qxd7 11. Bg5 Rac8 12. e3 Ne4 13. Bxe7 Qxe7 14. Qe2 c4 15. Nd2 Nxd2 16. Qxd2 a5 17. a4 Bc6 18. Ra3 Qd7 19. Rfa1 Rc7 20. Bf3 Rb8 21. h4 Rcb7 22. R3a2 f5 23. Bh5 g6 24. Be2 h5 25. Bd1 Qc7 26. b3 b5 27. axb5 Rxb5 28. b4 axb4 29. cxb4 Rxb4 30. Ra7 R4b7 31. R7a2 Be8 32. Qc3 Qe7 33. f4 Qb4 34. Qxb4 Rxb4 35. Ra7 Rb1 36. Kf2 R8b2+ 37. Kf3 Rxa1 38. Rxa1 Bb5 39. Ra3 Kf7 40. Ra7+ Kf6 41. Ra3 c3 42. Rxc3 Rd2 43. Bb3 Bf1 44. g4 hxg4+ 0-1

[Event "Tarragona Province-ch Seniors"]
[Site "Salou"]
[Date "2014.03.06"]
[Round "6"]
[White "Guasch Murtra, Josep Maria"]
[Black "Tafalla Grau, Angel"]
[Result "0-1"]
[WhiteElo "2129"]
[BlackElo "2150"]
[PlyCount "94"]
[EventDate "2014.01.30"]
[EventType "swiss"]
[EventRounds "8"]
[EventCountry "ESP"]
[SourceTitle "EXT 2024"]
[Source "ChessBase"]
[SourceDate "2023.10.10"]
[SourceVersion "1"]
[SourceVersionDate "2023.10.10"]
[SourceQuality "1"]

1. e4 g6 2. d4 Bg7 3. Nf3 d6 4. Bc4 Nf6 5. Qe2 0-0 6. e5 dxe5 7. dxe5 Nd5 8. 0-0 c6 9. h3 Qc7 10. a4 Bf5 11. Na3 Nd7 12. g4 Be6 13. Re1 N7b6 14. Ba2 Nxa4 15. Nd4 Nc5 16. f4 Nb4 17. Nxe6 Nxe6 18. Bxe6 fxe6 19. Qc4 Nd5 20. Kg2 b5 21. Qe4 Qb6 22. c4 bxc4 23. Nxc4 Qc7 24. Bd2 Bh6 25. g5 Bg7 26. Ra6 Qb7 27. Ra4 Rfd8 28. h4 Nb6 29. Rb4 Qd7 30. Re2 Nd5 31. Rb3 Rdb8 32. Rh3 Qe8 33. Kh1 Rb5 34. Reh2 Rab8 35. h5 Rb3 36. Rh4 Rd8 37. Qe2 Nb6 38. Bc3 Nd5 39. Bd2 c5 40. Qg4 Qf7 41. Qd1 Rd3 42. Qe2 Qf5 43. hxg6 hxg6 44. Rf2 Nc7 45. Rfh2 R8d4 46. Na5 Rxd2 47. Qxd2 Qb1+ 0-1

[Event "Tarragona Province-ch"]
[Site "Hospitalet de l'Infant"]
[Date "2013.11.24"]
[Round "8"]
[White "Guasch Murtra, Josep Maria"]
[Black "Esplugas Esteve, Vicenc"]
[Result "0-1"]
[WhiteElo "1966"]
[BlackElo "2231"]
[PlyCount "56"]
[EventDate "2013.10.06"]
[EventType "swiss"]
[EventRounds "9"]
[EventCountry "ESP"]
[SourceTitle "EXT 2017"]
[Source "ChessBase"]
[SourceDate "2016.10.25"]
[SourceVersion "1"]
[SourceVersionDate "2016.10.25"]
[SourceQuality "1"]

1. d4 e6 2. g3 c5 3. Nf3 Nf6 4. Bg2 cxd4 5. Nxd4 d5 6. 0-0 e5 7. Nf3 Nc6 8. c4 d4 9. b4 e4 10. Ng5 Bxb4 11. Nxe4 Nxe4 12. Bxe4 Bh3 13. Bg2 Bxg2 14. Kxg2 Qf6 15. a3 Be7 16. Bb2 0-0-0 17. Qc2 h5 18. Nd2 h4 19. Nf3 Qe6 20. Rad1 hxg3 21. fxg3 Ne5 22. Qe4 Qh3+ 23. Kf2 Ng4+ 24. Ke1 Ne3 25. Rf2 Nxd1 26. Kxd1 Rhe8 27. Qd3 Bf6 28. Nxd4 Bxd4 0-1

[Event "La Pobla de Lillet op 22nd"]
[Site "La Pobla de Lillet"]
[Date "2012.08.09"]
[Round "9"]
[White "Ramiro Ovejero, Juan Luis"]
[Black "Guasch Murtra, Josep Maria"]
[Result "1-0"]
[WhiteElo "2349"]
[BlackElo "1979"]
[PlyCount "49"]
[EventDate "2012.08.01"]
[EventType "swiss"]
[EventRounds "9"]
[EventCountry "ESP"]
[SourceTitle "CBM 149 Extra"]
[Source "ChessBase"]
[SourceDate "2012.08.24"]
[SourceVersion "1"]
[SourceVersionDate "2012.08.24"]
[SourceQuality "1"]

1. e4 d5 2. exd5 Qxd5 3. Nc3 Qd8 4. d4 Nf6 5. Nf3 Bg4 6. Bc4 e6 7. h3 Bxf3 8. Qxf3 c6 9. Ne2 Be7 10. Bf4 Nbd7 11. 0-0-0 Nd5 12. Bh2 b5 13. Bd3 N7f6 14. c3 0-0 15. g4 g6 16. h4 Nd7 17. h5 Qa5 18. Bb1 Bg5+ 19. Kc2 b4 20. Bd6 bxc3 21. Nxc3 Nxc3 22. Qxc3 Qxc3+ 23. bxc3 Rfd8 24. f4 Bh6 25. hxg6 1-0

[Event "La Pobla de Lillet op 22nd"]
[Site "La Pobla de Lillet"]
[Date "2012.08.07"]
[Round "7"]
[White "Capellades Subirana, Marc"]
[Black "Guasch Murtra, Josep Maria"]
[Result "0-1"]
[WhiteElo "2237"]
[BlackElo "1979"]
[PlyCount "134"]
[EventDate "2012.08.01"]
[EventType "swiss"]
[EventRounds "9"]
[EventCountry "ESP"]
[SourceTitle "CBM 149 Extra"]
[Source "ChessBase"]
[SourceDate "2012.08.24"]
[SourceVersion "1"]
[SourceVersionDate "2012.08.24"]
[SourceQuality "1"]

1. e4 e5 2. Nf3 Nc6 3. Bc4 Be7 4. d4 d6 5. dxe5 dxe5 6. Bd5 Bd7 7. 0-0 Nf6 8. c3 0-0 9. Nbd2 Bg4 10. Bxc6 bxc6 11. Qa4 Bxf3 12. Nxf3 Qd6 13. Be3 Ng4 14. Rad1 Qe6 15. Bc1 h6 16. h3 Nf6 17. Nh4 Bc5 18. Nf5 a5 19. Rd3 Kh7 20. Be3 Bxe3 21. Rxe3 g6 22. Ng3 Rfd8 23. f4 exf4 24. Rxf4 Nd5 25. exd5 Qxe3+ 26. Kh2 cxd5 27. Rxf7+ Kg8 28. Rf6 Rd6 29. Rxd6 cxd6 30. Qc6 Re8 31. Qxd5+ Qe6 32. Qxa5 h5 33. Qg5 Kh7 34. a4 Qe5 35. Qxe5 Rxe5 36. h4 Kg7 37. c4 Kf7 38. b4 Ke7 39. a5 Kd7 40. a6 Kc7 41. c5 dxc5 42. bxc5 Rxc5 43. Ne2 Ra5 44. Kg3 Rxa6 45. Kf4 Ra2 46. Kf3 Kd7 47. Nf4 Ra6 48. Nd3 Ke7 49. Nf2 Ke6 50. g4 Ra3+ 51. Kf4 Ra2 52. Ne4 hxg4 53. Ng5+ Kf6 54. Ne4+ Kg7 55. Kxg4 Ra4 56. Kf3 Kh6 57. Ng3 Rxh4 58. Kg2 Ra4 59. Kh3 Kg5 60. Nf1 Ra3+ 61. Kg2 Kf4 62. Kg1 g5 63. Kf2 Ra2+ 64. Kg1 g4 65. Kh1 g3 66. Kg1 g2 67. Ng3 Kf3 0-1

[Event "La Pobla de Lillet op 18th"]
[Site "La Pobla de Lillet"]
[Date "2008.08.05"]
[Round "4"]
[White "Ayza Ballester, Jordi"]
[Black "Guasch Murtra, Josep Maria"]
[Result "1-0"]
[WhiteElo "2277"]
[BlackElo "2038"]
[PlyCount "43"]
[EventDate "2008.08.02"]
[EventType "swiss"]
[EventRounds "9"]
[EventCountry "ESP"]
[SourceTitle "EXT 2009"]
[Source "ChessBase"]
[SourceDate "2008.11.26"]
[SourceVersion "1"]
[SourceVersionDate "2008.11.26"]
[SourceQuality "1"]

1. e4 e5 2. Nf3 Nc6 3. Bb5 a6 4. Ba4 Nf6 5. d4 b5 6. dxe5 bxa4 7. exf6 gxf6 8. 0-0 Rg8 9. Nd4 Nxd4 10. Qxd4 Rb8 11. Nc3 Rb4 12. Qd3 c6 13. a3 Rb8 14. Bf4 d6 15. Rad1 Rxb2 16. e5 fxe5 17. Bxe5 Qg5 18. Bg3 Bf5 19. Rfe1+ Kd7 20. Qxa6 Qd8 21. Nxa4 Rb5 22. c4 1-0

[Event "Tarragona Province-chA"]
[Site "Tarragona"]
[Date "2008.06.07"]
[Round "8"]
[White "Guasch Murtra, Josep Maria"]
[Black "Ferre Moragues, Andreu"]
[Result "1/2-1/2"]
[WhiteElo "2048"]
[BlackElo "1891"]
[PlyCount "102"]
[EventDate "2008.04.19"]
[EventType "swiss"]
[EventRounds "8"]
[EventCountry "ESP"]
[SourceTitle "EXT 2019"]
[Source "ChessBase"]
[SourceDate "2018.10.10"]
[SourceVersion "1"]
[SourceVersionDate "2018.10.10"]
[SourceQuality "1"]

1. Nf3 d5 2. g3 Nc6 3. d4 Bg4 4. Bg2 Qd7 5. h3 Bf5 6. a3 f6 7. Nc3 0-0-0 8. Be3 e5 9. Qd2 Nge7 10. 0-0-0 e4 11. Nh4 Na5 12. b3 g5 13. Nxf5 Nxf5 14. Kb2 Qd6 15. Ra1 Nxe3 16. Qxe3 Qb6 17. Kc1 f5 18. Na4 Qc6 19. Qc3 Qxc3 20. Nxc3 Bg7 21. e3 c5 22. Ne2 cxd4 23. Nxd4 Bxd4 24. exd4 Nc6 25. c3 f4 26. Ra2 fxg3 27. fxg3 Rhf8 28. Rf1 Rxf1+ 29. Bxf1 Rf8 30. Be2 Kc7 31. Rc2 Kd6 32. b4 Rf2 33. Bd1 Rf1 34. Rh2 Ne7 35. g4 Ng6 36. Kd2 Ke6 37. a4 Nf4 38. h4 e3+ 39. Kxe3 Rxd1 40. hxg5 Ng6 41. Rxh7 Ne7 42. Rh6+ Kd7 43. g6 Re1+ 44. Kf4 Re6 45. Kg5 Ng8 46. Rh7+ Re7 47. Rf7 Ke6 48. Rf8 Rg7 49. Rf5 a6 50. a5 Rc7 51. Rf8 Rg7 1/2-1/2